Central Library OPAC University of Rajshahi

The Chinese in Southeast Asia / (Record no. 25107)

MARC details
000 -LEADER
fixed length control field 00787nam a2200241 a 4500
001 - CONTROL NUMBER
control field 25107
003 - CONTROL NUMBER IDENTIFIER
rucl marc code BD-RjUL
005 - DATE AND TIME OF LATEST TRANSACTION
control field 20211209050830.0
008 - FIXED-LENGTH DATA ELEMENTS--GENERAL INFORMATION
fixed length control field 140316s1951 enk 001 0 eng d
035 ## - SYSTEM CONTROL NUMBER
System control number CURL 020000200373(Edi) from nnjc10
-- (BD-RjUL)25176
040 ## - CATALOGING SOURCE
Original cataloging agency PZI
Modifying agency BD-RjUL
Language of cataloging eng
Transcribing agency BD-RjUL
041 ## - LANGUAGE CODE
Language code of text/sound track or separate title eng
082 ## - DEWEY DECIMAL CLASSIFICATION NUMBER
Classification number 325.2510959
Author mark and year PUC 1952
100 1# - MAIN ENTRY--PERSONAL NAME
Personal name Purcell, Victor,
Dates associated with a name 1896-1965.
9 (RLIN) 77256
245 14 - TITLE STATEMENT
Title The Chinese in Southeast Asia /
Statement of responsibility, etc. by Victor Purcell.
260 ## - PUBLICATION, DISTRIBUTION, ETC. (IMPRINT)
Place of publication, distribution, etc. London :
Name of publisher, distributor, etc. Oxford University Press,
Date of publication, distribution, etc. 1951 [Imprission 1952].
300 ## - PHYSICAL DESCRIPTION
Pagination xxxvii, 801 p., [2] folded leaves :
Illustrations 2 maps ;
Size 23 cm.
500 ## - GENERAL NOTE
General note Includes bibliography and index.
650 #0 - SUBJECT ADDED ENTRY--TOPICAL TERM
Topical term or geographic name as entry element Chinese
Geographic subdivision Southeast Asia.
9 (RLIN) 77257
942 ## - ADDED ENTRY ELEMENTS (KOHA)
Source of classification or shelving scheme Dewey Decimal Classification
Koha item type Books
Holdings
Lost status Source of classification or shelving scheme Damaged status Not for loan Collection code Permanent Location Current Location Shelving location Date acquired Source of acquisition Cost, normal purchase price Total Checkouts Full call number Date last seen Copy number Koha item type
  Dewey Decimal Classification   Added to bundle Non-fiction Central Library, University of Rajshahi Central Library, University of Rajshahi Reading Room 29/09/1955 B.H.Blackwell 2.00   325.2510959 PUC 1952 16/03/2014 C-1 Books
  Dewey Decimal Classification     Non-fiction Central Library, University of Rajshahi Central Library, University of Rajshahi   22/06/1955 O. U. P. 28.20   325.2510959 PUC 1952 19/03/2014 C-2 Books
  Dewey Decimal Classification     Non-fiction Central Library, University of Rajshahi Central Library, University of Rajshahi   01/04/1957 Oxford university press. 40.10   325.2510959 PUC 1952 19/03/2014 C-3 Books